| 000 | 01221nam a22003497a 4500 | ||
|---|---|---|---|
| 003 | DO-SdBNP | ||
| 005 | 20240425111523.0 | ||
| 007 | |||
| 008 | 151111b2005 xx |||| 00| 0 spa d | ||
| 020 | _a139780060884307 (v.6) | ||
| 020 | _a | ||
| 040 |
_aBPMSU _bspa _cBPMSU |
||
| 082 |
_a891.623 _bL673s 2005 _222 |
||
| 092 |
_a _b |
||
| 100 | 1 |
_aLewis, Clive Staples, _d1898-1963. |
|
| 245 | 1 | 4 |
_aLas crónicas de Narnia : _b la silla de plata / _c C. S. Lewis ; traducción de Gemma Gallart ; ilustraciones de Pauline Baynes. |
| 246 | 1 | 2 | _aLa silla de plata |
| 260 |
_aMéxico : _bEditorial Planeta, _c2005 reimp. 2011 _c |
||
| 300 |
_a297 p. : _bil.; _c21 cm. |
||
| 500 | _aRecomendado para jóvenes | ||
| 505 | _av. 5 : La travesía del viajero del alba | ||
| 534 |
_aTítulo original : _tThe voyage of the dawn treader . |
||
| 590 | _aInventariado, 2024/VM | ||
| 650 | 4 | _aNovela juvenil irlandesa. | |
| 650 | 4 |
_aReyes y soberanos _vNovela juvenil. |
|
| 650 | 4 |
_aCastillos _vNovela juvenil |
|
| 700 | 1 |
_aBaynes, Pauline, _eilustraciones |
|
| 700 | 1 |
_aGallart, Gemma, _etraductor |
|
| 740 | _aLa travesía del viajero del alba | ||
| 910 | _aVMateo V. Control de calidad. BPMSU | ||
| 942 |
_2ddc _cBK |
||
| 999 |
_c14637 _d14637 |
||